Statistiken für 100 größten Städte Italiens auf einer Karte

Klicken Sie hier um das Quiz zu spielen!

Allgemein

  • Dieses Quiz wurde 1.507 mal gespielt
  • Das Durchschnittsergebnis liegt bei 37 aus 100

Antworten auf der Karte

Die Antworten werden auf der Karte rot bzw. grün angezeigt, abhängig davon wie oft sie richtig erraten wurden.
 

Antwortstatistiken

PopStadt% Korrekt
2,87 mRom
99%
1,37 mMailand
97%
966 kNeapel
97%
883 kTurin
96%
261 kVenedig
94%
381 kFlorenz
92%
580 kGenua
90%
668 kPalermo
90%
389 kBologna
84%
323 kBari
82%
90,1 kPisa
80%
202 kTriest
79%
257 kVerona
78%
107 kBozen
74%
154 kCagliari
73%
121 kBergamo
71%
196 kParma
69%
149 kRimini
67%
312 kCatania
66%
99,5 kUdine
66%
234 kMessina
62%
210 kPadua
57%
158 kLivorno
55%
197 kBrescia
54%
185 kModena
54%
95,4 kLecce
53%
118 kTrient
52%
101 kAncona
51%
124 kMonza
51%
83,3 kComo
49%
159 kRavenna
49%
134 kSalerno
49%
93,3 kLa Spezia
46%
166 kPerugia
46%
181 kReggio Calabria
46%
119 kPescara
42%
198 kTarent
42%
122 kSyrakus
40%
132 kFerrara
39%
172 kReggio Emilia
38%
87,1 kBrindisi
37%
151 kFoggia
37%
89,2 kLucca
37%
127 kSassari
37%
112 kVicenza
37%
103 kPiacenza
35%
126 kLatina
32%
193 kPrato
29%
94,0 kAlexandria
28%
72,1 kCremona
28%
118 kForlì
28%
69,9 kImola
28%
104 kNovara
28%
111 kTerni
27%
99,5 kArezzo
26%
76,2 kAsti
26%
89,7 kCatanzaro
24%
82,0 kGrosseto
24%
67,2 kPotenza
24%
96,8 kCesena
23%
85,0 kTreviso
23%
67,2 kCosenza
22%
69,4 kL'Aquila
22%
72,8 kPavia
22%
80,5 kVarese
22%
63,9 kCrotone
21%
73,6 kRagusa
18%
67,9 kTrapani
18%
99,9 kAndria
17%
69,0 kMassa
17%
95,0 kPesaro
16%
82,8 kMarsala
15%
62,5 kCarrara
14%
75,6 kCaserta
14%
90,2 kPistoia
14%
94,5 kBarletta
13%
71,1 kCarpi
13%
67,8 kViterbo
13%
79,6 kFiumicino
12%
62,1 kViareggio
12%
74,9 kGela
11%
62,3 kCaltanissetta
10%
124 kGiugliano in Campania
10%
74,2 kAprilia
9%
70,8 kLamezia Terme
9%
83,4 kBusto Arsizio
8%
81,8 kSesto San Giovanni
8%
85,3 kTorre del Greco
8%
64,2 kVittoria
8%
81,1 kPozzuoli
7%
70,5 kAltamura
6%
61,0 kFano
6%
70,9 kQuartu Sant'Elena
6%
64,8 kAfragola
5%
77,1 kCasoria
5%
65,9 kCastellammare di Stabia
5%
63,1 kVigevano
5%
89,3 kGuidonia Montecelio
4%
63,6 kPomezia
4%
75,7 kCinisello Balsamo
3%

Verteilung der Resultate

Perzentil nach korrekt beantworteten Fragen

Anzahl Personen mit jedem Resultat

Ihre Resultats-Entwicklung

Sie haben dieses Quiz noch nicht gespielt